[Event "Heusenstamm Sparkassen op-B 7th"]
[Site "Heusenstamm"]
[Date "2021.11.21"]
[Round "6.50"]
[White "Junkers, Guenter"]
[Black "Niesel, Markus"]
[Result "0-1"]
[WhiteElo "1235"]
[BlackElo "891"]
[PlyCount "74"]
[EventDate "2021.11.18"]
[EventType "swiss"]
[EventRounds "7"]
[EventCountry "GER"]
[SourceTitle "EXT 2023"]
[Source "ChessBase"]
[SourceDate "2022.10.05"]
[SourceVersion "1"]
[SourceVersionDate "2022.10.05"]
[SourceQuality "1"]

1. e4 e5 2. Nf3 Nc6 3. d4 exd4 4. Nxd4 Bc5 5. c3 Nf6 6. Nxc6 bxc6 7. Qe2 0-0 8. e5 Nd5 9. Be3 Bxe3 10. fxe3 Re8 11. Nd2 Rxe5 12. Nc4 Ba6 13. Qf3 Bxc4 14. 0-0-0 Bxa2 15. c4 Nb4 16. Rd2 Qe7 17. e4 Rc5 18. b3 Bxb3 19. Qxb3 Rb8 20. Bd3 Qe6 21. Qc3 Nxd3+ 22. Rxd3 Rxc4 23. Kd2 Rxc3 24. Kxc3 Qb3+ 25. Kd4 Qb2+ 26. Ke3 Qxg2 27. Rhd1 f6 28. Rxd7 Qg5+ 29. Kf3 Rf8 30. Rd8 Rxd8 31. Rxd8+ Kf7 32. Rd7+ Kg6 33. Rxc7 Qh5+ 34. Kg2 Qg4+ 35. Kh1 Qxe4+ 36. Kg1 a5 37. Rd7 Qg4+ 0-1

[Event "Hessen-chC"]
[Site "Frankfurt"]
[Date "2019.06.01"]
[Round "5"]
[White "Klein, Simon"]
[Black "Junkers, Guenter"]
[Result "1-0"]
[WhiteElo "1369"]
[BlackElo "1241"]
[PlyCount "61"]
[EventDate "2019.05.30"]
[EventType "swiss"]
[EventRounds "7"]
[EventCountry "GER"]
[SourceTitle "EXT 2020"]
[Source "ChessBase"]
[SourceDate "2019.10.17"]
[SourceVersion "1"]
[SourceVersionDate "2019.10.17"]
[SourceQuality "1"]

1. d4 d5 2. Bf4 Nc6 3. e3 e5 4. dxe5 d4 5. exd4 Bb4+ 6. c3 Ba5 7. d5 Nce7 8. Qa4+ c6 9. d6 Nd5 10. Bg3 Nh6 11. Nf3 Nf5 12. Bd3 0-0 13. Nd4 Nxg3 14. hxg3 Bd7 15. Bxh7+ Kh8 16. Qc2 g6 17. Bxg6+ Kg7 18. Rh7+ Kg8 19. Nd2 Qg5 20. Be4 Qxe5 21. 0-0-0 f5 22. N2f3 Qxe4 23. Rxd7 Rf7 24. Rxf7 Kxf7 25. Ng5+ Kg6 26. Nxe4 Rf8 27. Nc5 Rd8 28. Qxf5+ Kg7 29. Qg5+ Kf8 30. Nde6+ Ke8 31. Qg8# 1-0

[Event "Heusenstamm Sparkassen op-B 3rd"]
[Site "Heusenstamm"]
[Date "2016.11.27"]
[Round "1"]
[White "Bayer, Melissa"]
[Black "Junkers, Guenter"]
[Result "1-0"]
[WhiteElo "1552"]
[BlackElo "1255"]
[PlyCount "57"]
[EventDate "2016.11.27"]
[EventType "swiss"]
[EventRounds "7"]
[EventCountry "GER"]
[SourceTitle "EXT 2018"]
[Source "ChessBase"]
[SourceDate "2017.10.13"]
[SourceVersion "1"]
[SourceVersionDate "2017.10.13"]
[SourceQuality "1"]

1. e4 e5 2. Nf3 Nc6 3. Bb5 Qf6 4. c3 a6 5. Ba4 Qg6 6. Bxc6 dxc6 7. 0-0 Bg4 8. Nxe5 Bxd1 9. Nxg6 hxg6 10. Rxd1 0-0-0 11. d4 c5 12. Be3 Nf6 13. f3 Rh5 14. Nd2 b6 15. Nc4 Ne8 16. Ne5 Nd6 17. g4 Rh7 18. dxc5 bxc5 19. Bxc5 Nb7 20. Rxd8+ Nxd8 21. Bxf8 Ne6 22. Be7 g5 23. Nxf7 Rh3 24. Rf1 Kd7 25. Nxg5 Nf4 26. Nxh3 Nxh3+ 27. Kg2 Nf4+ 28. Kg3 Ne2+ 29. Kf2 1-0

[Event "Heusenstamm Sparkassen op-B 3rd"]
[Site "Heusenstamm"]
[Date "2016.11.27"]
[Round "4"]
[White "Mainka, Susanne"]
[Black "Junkers, Guenter"]
[Result "1-0"]
[WhiteElo "1147"]
[BlackElo "1255"]
[PlyCount "93"]
[EventDate "2016.11.27"]
[EventType "swiss"]
[EventRounds "7"]
[EventCountry "GER"]
[SourceTitle "EXT 2018"]
[Source "ChessBase"]
[SourceDate "2017.10.13"]
[SourceVersion "1"]
[SourceVersionDate "2017.10.13"]
[SourceQuality "1"]

1. d4 Nc6 2. Nf3 f6 3. e3 e5 4. a3 exd4 5. Nxd4 Nxd4 6. Qxd4 c5 7. Qa4 a6 8. c4 Bd6 9. Bd2 Be5 10. Nc3 Ne7 11. Bd3 Nc6 12. b4 0-0 13. 0-0 d6 14. Qc2 f5 15. Rab1 Ne7 16. f4 Bf6 17. e4 Bd7 18. Rbe1 Bd4+ 19. Kh1 Qc8 20. Nd5 Nxd5 21. exd5 Qd8 22. Be3 Qf6 23. Qe2 Bc3 24. Bd2 Rae8 25. Qf2 Bd4 26. Be3 Bc3 27. Bd2 Bd4 28. Be3 Bc3 29. Re2 Bd4 30. bxc5 Bxc5 31. Bxc5 Rxe2 32. Bxe2 dxc5 33. Qxc5 Re8 34. Bf3 Rc8 35. Qb4 b5 36. c5 Re8 37. c6 Bc8 38. d6 Be6 39. d7 Ra8 40. c7 Rf8 41. c8Q Rxc8 42. dxc8Q+ Bxc8 43. Qc5 Be6 44. Qc6 Bc4 45. Bd5+ Bxd5 46. Qxd5+ Kh8 47. Qa8+ 1-0

[Event "Eschborn op"]
[Site "Eschborn"]
[Date "2016.09.03"]
[Round "3"]
[White "Brahn, Helmut"]
[Black "Junkers, Guenter"]
[Result "1-0"]
[WhiteElo "1481"]
[BlackElo "901"]
[PlyCount "87"]
[EventDate "2016.09.02"]
[EventType "swiss"]
[EventRounds "5"]
[EventCountry "GER"]
[SourceTitle "EXT 2018"]
[Source "ChessBase"]
[SourceDate "2017.10.13"]
[SourceVersion "1"]
[SourceVersionDate "2017.10.13"]
[SourceQuality "1"]

1. c4 e5 2. d3 Nf6 3. Nc3 Bb4 4. Bd2 Nc6 5. Nf3 d6 6. e3 Qe7 7. Be2 e4 8. dxe4 Nxe4 9. Nxe4 Bxd2+ 10. Nexd2 f6 11. 0-0 Nb4 12. a3 Nc6 13. h3 Bf5 14. Re1 0-0-0 15. b4 Qf7 16. Nb3 Ne7 17. b5 Qg6 18. Nh4 Qg5 19. Nxf5 Nxf5 20. Bg4 Kb8 21. Qd5 Ne7 22. Qe4 Qe5 23. Bf3 Qxe4 24. Bxe4 d5 25. cxd5 Nxd5 26. Red1 Nc3 27. Rxd8+ Rxd8 28. Bxh7 Nxb5 29. Be4 Nc3 30. Bf3 Na4 31. Na5 c6 32. Rb1 Nb6 33. Bxc6 Rc8 34. Bf3 Rc5 35. Nb3 Rb5 36. Be2 Re5 37. Nd4 Ra5 38. Ra1 Nd5 39. Bc4 Nc7 40. Ne6 Ne8 41. a4 Nd6 42. Bb3 Ne8 43. Rd1 Kc8 44. Rd8# 1-0

[Event "Heusenstamm Sparkassen op-B 2nd"]
[Site "Heusenstamm"]
[Date "2015.11.29"]
[Round "7"]
[White "Junkers, Guenter"]
[Black "Schmidt, Markus2222"]
[Result "0-1"]
[WhiteElo "1264"]
[BlackElo "2118"]
[PlyCount "70"]
[EventDate "2015.11.26"]
[EventType "swiss"]
[EventRounds "7"]
[EventCountry "GER"]
[SourceTitle "EXT 2018"]
[Source "ChessBase"]
[SourceDate "2017.10.13"]
[SourceVersion "1"]
[SourceVersionDate "2017.10.13"]
[SourceQuality "1"]

1. e4 d5 2. Nc3 dxe4 3. Bb5+ Bd7 4. Bxd7+ Qxd7 5. Nxe4 e5 6. Qf3 c6 7. Nc5 Bxc5 8. d3 f6 9. Ne2 Ne7 10. Ng3 0-0 11. h3 Qd5 12. Qxd5+ cxd5 13. 0-0 Nbc6 14. Be3 Bxe3 15. fxe3 Nb4 16. Rfc1 Rac8 17. e4 Rxc2 18. Rxc2 Nxc2 19. Rc1 Rc8 20. Kf2 Nb4 21. Ra1 Nxd3+ 22. Ke3 Rc1 23. Rxc1 Nxc1 24. a4 d4+ 25. Kd2 Nb3+ 26. Kd3 Nc5+ 27. Kc4 Nxa4 28. b3 Nb6+ 29. Kc5 Kf7 30. Kd6 Nbc8+ 31. Kc7 b6 32. Kb7 Ke6 33. Nf5 Nxf5 34. exf5+ Kxf5 35. Kxc8 d3 0-1

[Event "Heusenstamm Sparkassen op-B 2nd"]
[Site "Heusenstamm"]
[Date "2015.11.27"]
[Round "3"]
[White "Dolaberidze, Nico"]
[Black "Junkers, Guenter"]
[Result "1-0"]
[WhiteElo "1220"]
[BlackElo "1264"]
[PlyCount "75"]
[EventDate "2015.11.26"]
[EventType "swiss"]
[EventRounds "7"]
[EventCountry "GER"]
[SourceTitle "EXT 2018"]
[Source "ChessBase"]
[SourceDate "2017.10.13"]
[SourceVersion "1"]
[SourceVersionDate "2017.10.13"]
[SourceQuality "1"]

1. e4 Nc6 2. Nc3 e5 3. Bc4 Nf6 4. d3 h6 5. Nf3 Bc5 6. h3 Qe7 7. 0-0 d6 8. Be3 Bxe3 9. fxe3 Be6 10. Bb3 Bxb3 11. axb3 d5 12. exd5 Nb4 13. e4 Qc5+ 14. Kh1 Qe3 15. Nxe5 0-0-0 16. Nxf7 Rhf8 17. Nxd8 Kxd8 18. Rf3 Qg5 19. Ne2 Na6 20. Nd4 Nc5 21. b4 Qe5 22. Ne2 Ncd7 23. c3 a6 24. Qc2 Qh5 25. Nf4 Qe8 26. Ne6+ Kc8 27. Nxf8 Nxf8 28. Raf1 N8d7 29. c4 Ne5 30. Rf5 Ned7 31. c5 Qf8 32. c6 Nb6 33. cxb7+ Kxb7 34. Qc6+ Kc8 35. e5 Qxb4 36. exf6 g6 37. Re5 Qf8 38. Re8+ 1-0

[Event "Hessen-ch Gr-F 65th"]
[Site "Gladenbach"]
[Date "2011.04.23"]
[Round "3"]
[White "Junkers, Guenter"]
[Black "Andres, Leon"]
[Result "0-1"]
[WhiteElo "713"]
[BlackElo "796"]
[PlyCount "100"]
[EventDate "2011.04.22"]
[EventType "swiss"]
[EventRounds "5"]
[EventCountry "GER"]
[SourceTitle "CBM 142 Extra"]
[Source "ChessBase"]
[SourceDate "2011.06.27"]
[SourceVersion "1"]
[SourceVersionDate "2011.06.27"]
[SourceQuality "1"]

1. e4 e5 2. Nf3 Nc6 3. Nc3 Nf6 4. d4 exd4 5. Nxd4 Bc5 6. Be3 d6 7. h3 Bxd4 8. Bxd4 Qe7 9. Qd3 Nb4 10. Qb5+ Nc6 11. Be2 0-0 12. Qd3 Nb4 13. Qd2 a5 14. a3 Nc6 15. Qd3 Be6 16. Qb5 Nxd4 17. 0-0 Nxb5 18. Nxb5 Nxe4 19. Nd4 Bd5 20. Rad1 Qg5 21. Bf3 Nd2 22. Bxd5 Nxf1 23. Nf3 Qf5 24. Bc4 Qxc2 25. Rxf1 Qxc4 26. Rb1 Qc2 27. Re1 Qxb2 28. Re3 Rfe8 29. Rxe8+ Rxe8 30. g3 Qxa3 31. Kg2 Re2 32. Nh2 Qa2 33. Ng4 f5 34. Kf3 fxg4+ 35. hxg4 Rxf2+ 36. Ke4 Qe2+ 37. Kd5 Qf3+ 38. Ke6 Qe3+ 39. Kd7 Re2 40. Kc8 Qe8+ 41. Kxb7 Rb2+ 42. Kxc7 Qb8+ 43. Kc6 Qc8+ 44. Kd5 Rd2+ 45. Ke4 Qe8+ 46. Kf5 Qf7+ 47. Kg5 Rg2 48. Kh4 Qb3 49. g5 Qxg3+ 50. Kh5 Qxg5# 0-1